[Event "CYCC U16"]
[Site "Ottawa CAN"]
[Date "2013.07.11"]
[Round "4"]
[White "Hunter, Harold"]
[Black "Muntaner, Daniel"]
[Result "1/2-1/2"]
[WhiteElo "1235"]
[BlackElo "1310"]
[PlyCount "47"]
[GameId "2160767909334937"]
[EventDate "2013.07.10"]
[EventType "swiss"]
[EventRounds "6"]
[EventCountry "CAN"]
[SourceTitle "hb 2013"]

1. e4 e5 2. Nf3 Nc6 3. Bb5 a6 4. Ba4 Nf6 5. O-O b5 6. Bb3 Bc5 7. c3 d6 8. d4 exd4 9. cxd4 Bb6 10. h3 h6 11. a3 O-O 12. Re1 Re8 13. a4 Bb7 14. d5 Na5 15. Bc2 c6 16. b4 Nc4 17. a5 Ba7 18. dxc6 Bxc6 19. Nc3 Ne5 20. Nxe5 dxe5 21. Be3 Bxe3 22. fxe3 Qxd1 23. Raxd1 Rad8 24. Kf2 1/2-1/2

[Event "CYCC U16"]
[Site "Ottawa CAN"]
[Date "2013.07.11"]
[Round "4"]
[White "Kalra, Agastya"]
[Black "Deatrick, Alexander"]
[Result "1-0"]
[WhiteElo "2130"]
[BlackElo "2122"]
[PlyCount "153"]
[GameId "2160767909334938"]
[EventDate "2013.07.10"]
[EventType "swiss"]
[EventRounds "6"]
[EventCountry "CAN"]
[SourceTitle "hb 2013"]

1. e4 d6 2. d4 Nf6 3. Nc3 c6 4. Be3 Qb6 5. Rb1 Ng4 6. Nf3 e5 7. Bg5 Nd7 8. h3 Ngf6 9. d5 Be7 10. Be3 Qc7 11. Be2 O-O 12. O-O Rd8 13. b4 Nf8 14. b5 cxd5 15. Nxd5 Nxd5 16. exd5 b6 17. Ne1 Nd7 18. Nd3 a5 19. bxa6 Bxa6 20. Nb4 Bb7 21. Bb5 Nc5 22. Bc6 Rf8 23. Bxc5 bxc5 24. Bxb7 Qxb7 25. Nc6 Qc7 26. Rb2 Bf6 27. Qb1 e4 28. Rb7 Qc8 29. Qb3 Qf5 30. a4 h5 31. a5 h4 32. c4 Qf4 33. Qe3 Qxe3 34. fxe3 Bc3 35. Rb5 Bd2 36. Kf2 f5 37. Ke2 Bc3 38. Rxf5 Rxf5 39. Ne7+ Kh7 40. Nxf5 Ra6 41. Kf2 g6 42. Nxh4 Bxa5 43. Rb7+ Kh6 44. Re7 Bc3 45. Rxe4 Ra2+ 46. Kf3 Be1 47. Rg4 Rf2+ 48. Ke4 Rc2 49. Nxg6 Rxc4+ 50. Kf5 Rxg4 51. hxg4 c4 52. g5+ Kg7 53. Nf4 c3 54. Ne6+ Kf7 55. Kf4 Kg8 56. Nd4 Bf2 57. Ke4 Kg7 58. Kd3 Kg6 59. Ne6 Be1 60. e4 Bd2 61. Kc2 Be1 62. e5 dxe5 63. d6 Bf2 64. d7 Bb6 65. Kxc3 e4 66. Kd2 Kf5 67. d8=Q Bxd8 68. Nxd8 Kxg5 69. Ke2 Kg4 70. Ne6 Kg3 71. Kf1 e3 72. Nd4 Kg4 73. Ne2 Kh4 74. Ke1 Kg5 75. Kd1 Kf5 76. Kc2 Ke4 77. Kc3 1-0

[Event "CYCC U16"]
[Site "Ottawa CAN"]
[Date "2013.07.11"]
[Round "4"]
[White "Nasir, Zehn"]
[Black "Sun, Mike"]
[Result "1-0"]
[WhiteElo "2060"]
[BlackElo "2080"]
[PlyCount "115"]
[GameId "2160767909334940"]
[EventDate "2013.07.10"]
[EventType "swiss"]
[EventRounds "6"]
[EventCountry "CAN"]
[SourceTitle "hb 2013"]

1. e4 c5 2. Nf3 d6 3. d4 cxd4 4. Nxd4 Nf6 5. Nc3 g6 6. f3 Bg7 7. Be3 Nbd7 8. Qd2 h5 9. Be2 a6 10. h3 b5 11. a3 Bb7 12. O-O O-O 13. Rfd1 Nb6 14. Bh6 Nc4 15. Bxc4 bxc4 16. Bxg7 Kxg7 17. Kh1 Qc7 18. Qg5 e6 19. Nce2 Qc5 20. Qg3 Rad8 21. c3 Bc8 22. Rd2 e5 23. Nc2 Be6 24. Rad1 a5 25. Qg5 Rd7 26. Ng3 Nh7 27. Qe3 Qxe3 28. Nxe3 Rfd8 29. Ngf1 Nf6 30. Kg1 Kf8 31. Kf2 h4 32. Nh2 Nh5 33. Nd5 Rb7 34. Ng4 f5 35. exf5 gxf5 36. Ngf6 Nxf6 37. Nxf6 Ke7 38. Nh5 Bf7 39. g4 Bxh5 40. gxh5 Rdb8 41. Rxd6 Rxb2+ 42. Kf1 Rh2 43. Kg1 Rxh3 44. h6 Rg8+ 45. Kf2 Rh2+ 46. Ke3 Rh8 47. h7 Rc2 48. Rd8 Rxc3+ 49. Kf2 Rxd8 50. Rxd8 Kxd8 51. h8=Q+ Kd7 52. Qxe5 Rxa3 53. Qd5+ Ke8 54. Qe6+ Kf8 55. Qd6+ Kf7 56. Qxa3 h3 57. Qxa5 h2 58. Qxf5+ 1-0

[Event "CYCC U16"]
[Site "Ottawa CAN"]
[Date "2013.07.11"]
[Round "4"]
[White "Rochon, Frederic"]
[Black "Li, Robert"]
[Result "0-1"]
[WhiteElo "1459"]
[BlackElo "1790"]
[PlyCount "52"]
[GameId "2160767909334942"]
[EventDate "2013.07.10"]
[EventType "swiss"]
[EventRounds "6"]
[EventCountry "CAN"]
[SourceTitle "hb 2013"]

1. e4 e5 2. Nf3 Nc6 3. Bb5 a6 4. Ba4 Nf6 5. O-O b5 6. Bb3 Bc5 7. c3 d6 8. d4 Bb6 9. h3 O-O 10. Re1 h6 11. Qd3 Re8 12. Nbd2 Nh5 13. Nf1 Qf6 14. Bd1 exd4 15. cxd4 Nxd4 16. e5 dxe5 17. Be3 Nf4 18. Qe4 Bf5 19. Bxd4 Bxe4 20. Bxe5 Rxe5 21. Nxe5 Qxe5 22. Bf3 Bxf2+ 23. Kxf2 Nd3+ 24. Kg1 Nxe1 25. Rxe1 Qd4+ 26. Kh2 Bxf3 0-1

[Event "CYCC U16"]
[Site "Ottawa CAN"]
[Date "2013.07.11"]
[Round "4"]
[White "Song, Guannan Terry"]
[Black "Thanabalachandran, Kajan"]
[Result "1-0"]
[WhiteElo "2190"]
[BlackElo "1759"]
[PlyCount "81"]
[GameId "2160767909334943"]
[EventDate "2013.07.10"]
[EventType "swiss"]
[EventRounds "6"]
[EventCountry "CAN"]
[SourceTitle "EXT 2022"]
[Source "ChessBase"]
[SourceDate "2021.10.06"]
[SourceVersion "1"]
[SourceVersionDate "2021.10.06"]
[SourceQuality "1"]

1. e4 c5 2. Nc3 Nc6 3. f4 g6 4. Nf3 Bg7 5. Bb5 Nd4 6. O-O Nxb5 7. Nxb5 d5 8. exd5 a6 9. Nc3 Nf6 10. d4 c4 11. Qe2 b5 12. Re1 O-O 13. Qxe7 Qxe7 14. Rxe7 b4 15. Na4 Nxd5 16. Re1 c3 17. bxc3 bxc3 18. Ba3 Rd8 19. Bc5 Bg4 20. Ne5 Bf5 21. Rad1 Nxf4 22. Nc6 Re8 23. Ne7+ Kh8 24. Nxf5 Ne2+ 25. Rxe2 Rxe2 26. Nxg7 Kxg7 27. Nxc3 Ree8 28. Kf2 Rac8 29. Re1 Red8 30. Re7 h6 31. Ne4 Rc6 32. c4 Kg8 33. d5 Rcc8 34. Bb6 Rf8 35. c5 f5 36. Nc3 Rb8 37. d6 g5 38. d7 f4 39. Nd5 a5 40. c6 g4 41. c7 1-0

[Event "CYCC U16"]
[Site "Ottawa CAN"]
[Date "2013.07.11"]
[Round "4"]
[White "Wu, Ruining (Ray)"]
[Black "Dorrance, Adam"]
[Result "0-1"]
[WhiteElo "2117"]
[BlackElo "2185"]
[PlyCount "88"]
[GameId "2160767909334945"]
[EventDate "2013.07.10"]
[EventType "swiss"]
[EventRounds "6"]
[EventCountry "CAN"]
[SourceTitle "hb 2013"]

1. d4 d5 2. c4 e6 3. Nf3 Nf6 4. g3 c6 5. Bg2 Bd6 6. b3 O-O 7. O-O Nbd7 8. Bb2 b6 9. Nbd2 Bb7 10. Re1 Rc8 11. Ne5 Qe7 12. Nxd7 Qxd7 13. e4 dxe4 14. Nxe4 Be7 15. Qe2 Nxe4 16. Bxe4 Bf6 17. Red1 Qe7 18. c5 Rfd8 19. Qc2 h6 20. cxb6 axb6 21. Qe2 Rd7 22. Qf3 Qd8 23. Qg4 Bg5 24. f4 Bf6 25. f5 Bxd4+ 26. Bxd4 Rxd4 27. fxe6 f5 28. Qh5 fxe4 29. Qf7+ Kh8 30. Rf1 Rc7 31. Qg6 Ba6 32. Rf7 Rxf7 33. Qxf7 Rd1+ 34. Rxd1 Qxd1+ 35. Kg2 Qe2+ 36. Kg1 Qe3+ 37. Kh1 Qe1+ 38. Kg2 Qe2+ 39. Kg1 Qd1+ 40. Kg2 Qf3+ 41. Kg1 Be2 42. a3 Qe3+ 43. Kg2 Bf3+ 44. Kh3 Qg5 0-1

[Event "CYCC U16"]
[Site "Ottawa CAN"]
[Date "2013.07.11"]
[Round "4"]
[White "Wu, Stanley"]
[Black "Adriaanse, Adam"]
[Result "0-1"]
[WhiteElo "1741"]
[BlackElo "1924"]
[PlyCount "70"]
[GameId "2160767909334946"]
[EventDate "2013.07.10"]
[EventType "swiss"]
[EventRounds "6"]
[EventCountry "CAN"]
[SourceTitle "hb 2013"]

1. e4 e5 2. Nf3 Nf6 3. Nxe5 d6 4. Nf3 Nxe4 5. Nc3 Nxc3 6. dxc3 Be7 7. Bf4 Be6 8. Qd2 Nc6 9. O-O-O Qd7 10. Kb1 O-O-O 11. Bb5 a6 12. Ba4 Bf6 13. Bg5 Bxg5 14. Qxg5 f6 15. Bxc6 bxc6 16. Qa5 Kb7 17. Nd4 Bf7 18. Nb3 Bxb3 19. cxb3 c5 20. f3 Rhe8 21. Rhe1 Qf5+ 22. Ka1 Qc2 23. b4 Rxe1 24. Rxe1 Re8 25. Rb1 Qxg2 26. b5 Ra8 27. c4 Qxf3 28. b4 Qc3+ 29. Rb2 Re8 30. bxa6+ Kc8 31. a4 Re1+ 32. Ka2 Qxc4+ 33. Rb3 Re2+ 34. Ka1 Qc1+ 35. Rb1 Qa3# 0-1

[Event "CYCC U16"]
[Site "Ottawa CAN"]
[Date "2013.07.12"]
[Round "5"]
[White "Adriaanse, Adam"]
[Black "Wu, Ruining (Ray)"]
[Result "1/2-1/2"]
[WhiteElo "1924"]
[BlackElo "2117"]
[PlyCount "51"]
[GameId "2160767909334947"]
[EventDate "2013.07.10"]
[EventType "swiss"]
[EventRounds "6"]
[EventCountry "CAN"]
[SourceTitle "hb 2013"]

1. d4 d5 2. c4 c6 3. Nc3 Nf6 4. Bf4 dxc4 5. a4 Nd5 6. Bg3 Qa5 7. Qc2 Na6 8. e4 Nab4 9. Qd2 Nxc3 10. bxc3 Nd3+ 11. Bxd3 cxd3 12. Qxd3 Be6 13. Ne2 Rd8 14. O-O g6 15. f4 f5 16. exf5 Qxf5 17. Nc1 Bg7 18. Re1 Bf6 19. Qe2 Bf7 20. Qe3 Bc4 21. Ne2 O-O 22. Bf2 Qd3 23. Qxd3 Bxd3 24. Ng3 c5 25. Ne4 Bxe4 26. Rxe4 1/2-1/2

[Event "CYCC U16"]
[Site "Ottawa CAN"]
[Date "2013.07.12"]
[Round "5"]
[White "Dorrance, Adam"]
[Black "Lo, Ryan"]
[Result "1/2-1/2"]
[WhiteElo "2185"]
[BlackElo "2222"]
[PlyCount "72"]
[GameId "2160767909334948"]
[EventDate "2013.07.10"]
[EventType "swiss"]
[EventRounds "6"]
[EventCountry "CAN"]
[SourceTitle "EXT 2022"]
[Source "ChessBase"]
[SourceDate "2021.10.06"]
[SourceVersion "1"]
[SourceVersionDate "2021.10.06"]
[SourceQuality "1"]

1. d4 Nf6 2. Nf3 d5 3. g3 g6 4. Bg2 Bg7 5. O-O O-O 6. c4 dxc4 7. Na3 c3 8. bxc3 c5 9. e3 Nc6 10. Qe2 Bg4 11. h3 Bf5 12. Bb2 cxd4 13. cxd4 Rc8 14. Nd2 Bd7 15. Nb3 b6 16. Qd2 a5 17. Rfc1 Nb4 18. Nc2 Nxc2 19. Rxc2 Rxc2 20. Qxc2 Qc8 21. Qxc8 Rxc8 22. d5 Ne8 23. Bxg7 Kxg7 24. Nd4 b5 25. Rb1 b4 26. Nc6 Bxc6 27. dxc6 Nd6 28. Rc1 a4 29. Rb1 Rb8 30. c7 Rb6 31. Rd1 b3 32. axb3 a3 33. Bd5 e6 34. Bc4 Rc6 35. Ra1 Rxc7 36. Rxa3 Nxc4 1/2-1/2

[Event "CYCC U16"]
[Site "Ottawa CAN"]
[Date "2013.07.12"]
[Round "5"]
[White "Dukic, Zachary"]
[Black "Fu, James"]
[Result "0-1"]
[WhiteElo "1960"]
[BlackElo "2257"]
[PlyCount "81"]
[GameId "2160767909334949"]
[EventDate "2013.07.10"]
[EventType "swiss"]
[EventRounds "6"]
[EventCountry "CAN"]
[SourceTitle "hb 2013"]

1. e4 Nc6 2. Nf3 d6 3. d4 g6 4. c3 Bg7 5. Bd3 e5 6. Bc2 exd4 7. cxd4 Bg4 8. d5 Nd4 9. Nbd2 Bh6 10. Nc4 Bg7 11. Ncd2 Qf6 12. h3 Bxf3 13. Nxf3 Nxf3+ 14. Qxf3 Qxf3 15. gxf3 O-O-O 16. O-O Bh6 17. Be3 Bxe3 18. fxe3 Nf6 19. Rac1 Rhe8 20. Ba4 Re5 21. Rc3 Kb8 22. Rfc1 Re7 23. b4 Nh5 24. Kf2 f5 25. exf5 gxf5 26. Bc2 f4 27. Rg1 Rde8 28. e4 Ng3 29. Bd3 Re5 30. Bf1 Rxe4 31. fxe4 Nxe4+ 32. Kf3 Nxc3 33. Bc4 b5 34. Bb3 Re3+ 35. Kxf4 Rxh3 36. Kf5 Ne2 37. Rg8+ Kb7 38. Bd1 Re3 39. a4 Nc3 40. Bg4 Nxd5 41. axb5 0-1

[Event "CYCC U16"]
[Site "Ottawa CAN"]
[Date "2013.07.12"]
[Round "5"]
[White "Hui, Jeremy"]
[Black "Deatrick, Alexander"]
[Result "1/2-1/2"]
[WhiteElo "1976"]
[BlackElo "2122"]
[PlyCount "117"]
[GameId "2160767909334950"]
[EventDate "2013.07.10"]
[EventType "swiss"]
[EventRounds "6"]
[EventCountry "CAN"]
[SourceTitle "hb 2013"]

1. e4 d6 2. d4 Nf6 3. Nc3 c6 4. Nf3 Bg4 5. Be2 e6 6. Be3 Be7 7. a4 d5 8. Nd2 Bxe2 9. Qxe2 O-O 10. O-O c5 11. e5 cxd4 12. Bxd4 Nfd7 13. Kh1 Nc6 14. Nb3 Nxd4 15. Nxd4 Qb6 16. Nb3 Bb4 17. Nb5 a6 18. N5d4 Rac8 19. f4 Nc5 20. g4 Ne4 21. f5 exf5 22. gxf5 Qh6 23. Rf3 Rfe8 24. e6 fxe6 25. fxe6 Bd6 26. Rg1 Rf8 27. Nf5 Rxf5 28. Rxf5 Qxe6 29. Qg4 Qh6 30. Rg2 Re8 31. Rh5 Qf6 32. Qf5 Qxf5 33. Rxf5 Nf6 34. Rxf6 Re1+ 35. Rg1 Rxg1+ 36. Kxg1 gxf6 37. Kg2 Kf7 38. h3 Kg6 39. Nd2 Kf5 40. Kf3 Ke5 41. Nb3 b6 42. Nc1 f5 43. Ne2 Bc5 44. b3 h6 45. c3 d4 46. b4 d3 47. Nf4 d2 48. Nd3+ Kd5 49. Ke2 d1=Q+ 50. Kxd1 Bd6 51. Kd2 Kc4 52. Kc2 f4 53. Nb2+ Kd5 54. Kd3 b5 55. axb5 axb5 56. c4+ bxc4+ 57. Nxc4 Bxb4 58. Ne3+ Ke6 59. Ke4 1/2-1/2

[Event "CYCC U16"]
[Site "Ottawa CAN"]
[Date "2013.07.12"]
[Round "5"]
[White "Li, Robert"]
[Black "Wu, Stanley"]
[Result "1-0"]
[WhiteElo "1790"]
[BlackElo "1741"]
[PlyCount "71"]
[GameId "2160767909334951"]
[EventDate "2013.07.10"]
[EventType "swiss"]
[EventRounds "6"]
[EventCountry "CAN"]
[SourceTitle "hb 2013"]

1. e4 e5 2. Nf3 Nc6 3. Bc4 Bc5 4. c3 Nf6 5. d3 d6 6. Bb3 Be6 7. Bc2 Ne7 8. Qe2 Ng6 9. d4 Bb6 10. O-O O-O 11. Rd1 Qe7 12. a4 c6 13. Na3 Bc7 14. b4 Rfd8 15. b5 a6 16. bxc6 bxc6 17. Nc4 Nh5 18. h3 Nhf4 19. Qf1 f6 20. Ba3 Qf7 21. Bb3 d5 22. exd5 Bxd5 23. Ne1 Nxg2 24. Nxg2 Qe6 25. Nge3 Nf4 26. Nxd5 cxd5 27. Ne3 Nxh3+ 28. Kh1 Ng5 29. Qg2 e4 30. Rdc1 Nf3 31. Bd1 Ne1 32. Bg4 f5 33. Bxf5 Qh6+ 34. Qh3 Nd3 35. Be6+ Kh8 36. Qxh6 1-0

[Event "CYCC U16"]
[Site "Ottawa CAN"]
[Date "2013.07.12"]
[Round "5"]
[White "Muntaner, Daniel"]
[Black "Rochon, Frederic"]
[Result "1-0"]
[WhiteElo "1310"]
[BlackElo "1459"]
[PlyCount "105"]
[GameId "2160767909334952"]
[EventDate "2013.07.10"]
[EventType "swiss"]
[EventRounds "6"]
[EventCountry "CAN"]
[SourceTitle "hb 2013"]

1. e4 c5 2. Nf3 d6 3. d4 cxd4 4. Nxd4 Nf6 5. Nc3 g6 6. f3 Nc6 7. Be3 Bg7 8. Qd2 O-O 9. Bc4 Bd7 10. O-O-O Rc8 11. Bb3 Ne5 12. g4 Nc4 13. Bxc4 Rxc4 14. h4 Qa5 15. Nb3 Qc7 16. Bd4 a5 17. Bxf6 exf6 18. Qxd6 Be6 19. Qxc7 Rxc7 20. Nd5 Rc4 21. Rd4 Rxd4 22. Nxd4 Bxd5 23. exd5 Rd8 24. c4 Rc8 25. b3 f5 26. Nb5 fxg4 27. fxg4 Be5 28. Kc2 Kf8 29. h5 Ke7 30. hxg6 hxg6 31. Kd3 Rh8 32. Rxh8 Bxh8 33. Ke4 Kd7 34. Kf4 Bf6 35. Ke4 Bh8 36. Na3 Kd6 37. Nb5+ Kd7 38. c5 Bb2 39. a4 Bh8 40. Nd4 Bg7 41. Nf3 f6 42. Nh4 Bf8 43. Kd4 Bg7 44. Kc4 g5 45. Nf5 Bf8 46. Kb5 Be7 47. c6+ bxc6+ 48. dxc6+ Kc7 49. Nxe7 f5 50. Nxf5 Kb8 51. Kb6 Ka8 52. b4 Kb8 53. c7+ 1-0

[Event "CYCC U16"]
[Site "Ottawa CAN"]
[Date "2013.07.12"]
[Round "5"]
[White "Nasir, Zehn"]
[Black "Kalra, Agastya"]
[Result "0-1"]
[WhiteElo "2060"]
[BlackElo "2130"]
[PlyCount "129"]
[GameId "2160767909334953"]
[EventDate "2013.07.10"]
[EventType "swiss"]
[EventRounds "6"]
[EventCountry "CAN"]
[SourceTitle "hb 2013"]

1. e4 e5 2. Nf3 Nc6 3. Bb5 a6 4. Ba4 Nf6 5. O-O Be7 6. c3 Nxe4 7. Re1 Nf6 8. Bxc6 dxc6 9. Nxe5 O-O 10. d4 c5 11. dxc5 Qxd1 12. Rxd1 Bxc5 13. Nd2 Re8 14. Nef3 Bg4 15. Rf1 Nd7 16. h3 Bh5 17. g4 Bg6 18. Nb3 Bb6 19. a4 Be4 20. Nbd2 Nc5 21. b4 Nd3 22. Nxe4 Rxe4 23. Kg2 a5 24. b5 Rc4 25. Bd2 Nc5 26. Ne5 Rxa4 27. Be3 Rxa1 28. Rxa1 Nb3 29. Ra3 Bxe3 30. fxe3 Nc5 31. Kf3 b6 32. Nc6 f6 33. h4 Kf7 34. g5 fxg5 35. hxg5 Kg6 36. Kg4 Re8 37. Ra1 Re4+ 38. Kf3 Kxg5 39. Rd1 a4 40. Rd5+ Kf6 41. Rxc5 bxc5 42. Kxe4 a3 43. Na5 c4 44. Nxc4 a2 45. b6 a1=Q 46. bxc7 Qb1+ 47. Kd5 Qb7+ 48. Kd6 h5 49. e4 Qa6+ 50. Kc5 h4 51. Nd6 h3 52. c8=Q Qxc8+ 53. Nxc8 Ke6 54. Nd6 h2 55. Nf5 h1=Q 56. Nxg7+ Ke5 57. Nf5 Qxe4 58. Nd4 Qd5+ 59. Kb4 Ke4 60. Nb3 Qc6 61. Nd4 Qc8 62. Nb3 Kd5 63. Nd2 Qb8+ 64. Ka3 Kc5 65. c4 0-1

[Event "CYCC U16"]
[Site "Ottawa CAN"]
[Date "2013.07.12"]
[Round "5"]
[White "Thanabalachandran, Kajan"]
[Black "Johnson, Nicholas1"]
[Result "0-1"]
[WhiteElo "1759"]
[BlackElo "1817"]
[PlyCount "113"]
[GameId "2160767909334956"]
[EventDate "2013.07.10"]
[EventType "swiss"]
[EventRounds "6"]
[EventCountry "CAN"]
[SourceTitle "EXT 2022"]
[Source "ChessBase"]
[SourceDate "2021.10.06"]
[SourceVersion "1"]
[SourceVersionDate "2021.10.06"]
[SourceQuality "1"]

1. e4 e6 2. d4 d5 3. Bd3 Nf6 4. Nd2 c5 5. c3 Nc6 6. Ne2 cxd4 7. cxd4 dxe4 8. Nxe4 Be7 9. O-O O-O 10. Nxf6+ Bxf6 11. Be3 Nb4 12. Be4 Nd5 13. Ng3 g6 14. Rc1 b6 15. Qg4 Bg7 16. Qe2 Bb7 17. Bb1 Qh4 18. Qd2 Nxe3 19. fxe3 e5 20. d5 Rad8 21. d6 Rd7 22. Rcd1 Qd8 23. Bc2 a6 24. Bb3 b5 25. Ne2 Qb6 26. Nc3 Bh6 27. Rfe1 Kh8 28. Kh1 Rfd8 29. Qf2 f5 30. Qh4 Bg7 31. e4 Rxd6 32. Rxd6 Rxd6 33. exf5 gxf5 34. Qe7 Qc6 35. Bd5 Rxd5 36. Nxd5 Qxd5 37. Qe8+ Qg8 38. Rxe5 Bxg2+ 39. Kg1 Bd5 40. Qxg8+ Bxg8 41. Rxf5 Bxa2 42. Kf1 Bc4+ 43. Ke1 Bxb2 44. Kd1 a5 45. Kc2 Bg7 46. Rf3 a4 47. Kb1 h6 48. h3 Kh7 49. Rg3 Kg8 50. h4 b4 51. Rg2 Bd3+ 52. Ka2 b3+ 53. Ka3 b2 54. Rxb2 Bxb2+ 55. Kxb2 Bb5 56. Ka3 h5 57. Kb2 0-1

[Event "CYCC U16"]
[Site "Ottawa CAN"]
[Date "2013.07.12"]
[Round "6"]
[White "Deatrick, Alexander"]
[Black "Li, Robert"]
[Result "1-0"]
[WhiteElo "2122"]
[BlackElo "1790"]
[PlyCount "59"]
[GameId "2160767909334959"]
[EventDate "2013.07.10"]
[EventType "swiss"]
[EventRounds "6"]
[EventCountry "CAN"]
[SourceTitle "hb 2013"]

1. Nf3 Nf6 2. c4 g6 3. g3 Bg7 4. Bg2 O-O 5. Nc3 d6 6. O-O e5 7. d3 Nc6 8. Bg5 h6 9. Bxf6 Bxf6 10. Nd2 Be6 11. Rb1 a5 12. a3 Rb8 13. b4 axb4 14. axb4 Ne7 15. b5 Bg7 16. Qa4 Qd7 17. Rfc1 Bh3 18. Bh1 c6 19. Qb3 Qc7 20. Rc2 Kh8 21. Ra2 f5 22. Rba1 f4 23. Ra7 fxg3 24. hxg3 Qb6 25. Bf3 cxb5 26. Qxb5 Qd4 27. Nde4 Nf5 28. Kh2 Bf1 29. R7a3 Bxe2 30. Nxe2 1-0

[Event "CYCC U16"]
[Site "Ottawa CAN"]
[Date "2013.07.12"]
[Round "6"]
[White "Hui, Jeremy"]
[Black "Nasir, Zehn"]
[Result "0-1"]
[WhiteElo "1976"]
[BlackElo "2060"]
[PlyCount "76"]
[GameId "2160767909334961"]
[EventDate "2013.07.10"]
[EventType "swiss"]
[EventRounds "6"]
[EventCountry "CAN"]
[SourceTitle "hb 2013"]

1. e4 c6 2. d4 d5 3. e5 Bf5 4. Nf3 e6 5. Be2 c5 6. Be3 Qb6 7. Nc3 a6 8. Rb1 Nc6 9. O-O Qc7 10. Rc1 Bg6 11. Na4 c4 12. Nc3 Nge7 13. b3 b5 14. bxc4 bxc4 15. Nh4 Nf5 16. Nxg6 hxg6 17. Bf3 Nxe5 18. Bf4 Nxf3+ 19. Qxf3 Bd6 20. Bg3 Nxd4 21. Qg4 Nf5 22. Rfe1 O-O 23. Rb1 Rab8 24. Red1 Rxb1 25. Rxb1 Rb8 26. Qd1 Rxb1 27. Qxb1 Nxg3 28. hxg3 Qb8 29. Qd1 Be5 30. Ne2 a5 31. c3 Bd6 32. Qc2 Bc5 33. Qa4 Qa7 34. Qe8+ Kh7 35. Nf4 Bxf2+ 36. Kh2 Bxg3+ 37. Kxg3 Qe3+ 38. Kh2 Qxf4+ 0-1

[Event "CYCC U16"]
[Site "Ottawa CAN"]
[Date "2013.07.12"]
[Round "6"]
[White "Hunter, Harold"]
[Black "Dukic, Zachary"]
[Result "0-1"]
[WhiteElo "1235"]
[BlackElo "1960"]
[PlyCount "46"]
[GameId "2160767909334962"]
[EventDate "2013.07.10"]
[EventType "swiss"]
[EventRounds "6"]
[EventCountry "CAN"]
[SourceTitle "hb 2013"]

1. e4 c5 2. Nf3 Nc6 3. d4 cxd4 4. Nxd4 g6 5. Nc3 Bg7 6. Be3 Nf6 7. Bc4 d6 8. Qd2 Ng4 9. Nxc6 bxc6 10. O-O-O Nxe3 11. Qxe3 O-O 12. f3 Bd7 13. g4 a5 14. a4 Rb8 15. h4 Qc7 16. h5 Qb7 17. Bb3 Be6 18. Ne2 Bxb3 19. cxb3 Qxb3 20. Qxb3 Rxb3 21. Nc3 Bxc3 22. bxc3 Rxc3+ 23. Kd2 Rxf3 0-1

[Event "CYCC U16"]
[Site "Ottawa CAN"]
[Date "2013.07.12"]
[Round "6"]
[White "Johnson, Nicholas"]
[Black "Wu, Ruining (Ray)"]
[Result "1-0"]
[WhiteElo "1817"]
[BlackElo "2117"]
[PlyCount "177"]
[GameId "2160767909334963"]
[EventDate "2013.07.10"]
[EventType "swiss"]
[EventRounds "6"]
[EventCountry "CAN"]
[SourceTitle "hb 2013"]

1. c4 e5 2. g3 c6 3. d4 d6 4. Nc3 Be6 5. b3 Nf6 6. Nf3 e4 7. Ng5 d5 8. Nxe6 fxe6 9. Bh3 Bb4 10. Bb2 Qe7 11. O-O O-O 12. e3 h6 13. Ne2 Nh7 14. Nf4 Ng5 15. Bg2 Re8 16. h4 Nh7 17. Bh3 Nf8 18. c5 Ba5 19. a3 Nbd7 20. b4 Bc7 21. Qb3 e5 22. Ne2 Nf6 23. b5 exd4 24. Bxd4 N6d7 25. bxc6 bxc6 26. Qb7 Ne5 27. Bxe5 Bxe5 28. Qxe7 Rxe7 29. Rab1 Rc7 30. Nd4 Bf6 31. Rb3 Ng6 32. Rfb1 Bxd4 33. exd4 Re8 34. Rb8 Rxb8 35. Rxb8+ Kf7 36. Bf1 Nf8 37. Bh3 Ne6 38. Bxe6+ Kxe6 39. a4 Kd7 40. a5 Rc8 41. Rb7+ Rc7 42. Rb3 Kc8 43. a6 Rf7 44. Kg2 g5 45. hxg5 hxg5 46. Rb1 Rh7 47. Re1 g4 48. Rb1 Rh5 49. Rb7 Rh6 50. Rxa7 Kb8 51. Rb7+ Ka8 52. Rc7 Kb8 53. a7+ Ka8 54. Kf1 e3 55. Rc8+ Kxa7 56. fxe3 Rf6+ 57. Kg2 Re6 58. Rg8 Re4 59. Kf2 Kb7 60. Rf8 Re6 61. Rf4 Rg6 62. Ke2 Kc7 63. Kd3 Kd7 64. e4 dxe4+ 65. Rxe4 Rg8 66. Kc4 Rg6 67. d5 cxd5+ 68. Kxd5 Rg5+ 69. Re5 Rg6 70. Rf5 Kc7 71. Rf7+ Kd8 72. Kc4 Kc8 73. Kb5 Rg8 74. Kb6 Rh8 75. Rg7 Rh1 76. Rxg4 Kd7 77. c6+ Kd6 78. Rg6+ Ke7 79. Kc7 Rd1 80. Rg7+ Ke8 81. Rg8+ Ke7 82. Kc8 Rc1 83. c7 Rd1 84. Rg4 Rc1 85. Re4+ Kd6 86. Rd4+ Ke7 87. Rd2 Rc3 88. Re2+ Kd6 89. Kd8 1-0

[Event "CYCC U16"]
[Site "Ottawa CAN"]
[Date "2013.07.12"]
[Round "6"]
[White "Kalra, Agastya"]
[Black "Lo, Ryan"]
[Result "1/2-1/2"]
[WhiteElo "2130"]
[BlackElo "2222"]
[PlyCount "82"]
[GameId "2160767909334964"]
[EventDate "2013.07.10"]
[EventType "swiss"]
[EventRounds "6"]
[EventCountry "CAN"]
[SourceTitle "hb 2013"]

1. e4 c5 2. Nf3 e6 3. c3 Nf6 4. Bd3 d5 5. e5 Nfd7 6. Bc2 Nc6 7. d4 b6 8. O-O Be7 9. a3 Ba6 10. Re1 Rc8 11. b4 Qc7 12. Ba4 Bc4 13. Nbd2 Bd3 14. Nb3 Bg6 15. Be3 c4 16. Nc1 a6 17. Ne2 b5 18. Bc2 a5 19. Nd2 axb4 20. axb4 Qb7 21. Bxg6 hxg6 22. Qb1 O-O 23. Nf3 Ra8 24. Bg5 Rxa1 25. Qxa1 Ra8 26. Qc1 Ra2 27. Qf4 Nf8 28. Bxe7 Qxe7 29. Ng3 Rc2 30. Re3 Rc1+ 31. Nf1 Nh7 32. N3d2 Qg5 33. Qf3 Qf5 34. Qxf5 gxf5 35. f4 Nb8 36. Kf2 Nd7 37. Ng3 Nb6 38. Ne2 Rc2 39. Ke1 Na4 40. Kd1 Ra2 41. Nc1 Ra1 1/2-1/2

[Event "CYCC U16"]
[Site "Ottawa CAN"]
[Date "2013.07.12"]
[Round "6"]
[White "Rochon, Frederic"]
[Black "Sun, Mike"]
[Result "0-1"]
[WhiteElo "1459"]
[BlackElo "2080"]
[PlyCount "80"]
[GameId "2160767909334965"]
[EventDate "2013.07.10"]
[EventType "swiss"]
[EventRounds "6"]
[EventCountry "CAN"]
[SourceTitle "hb 2013"]

1. e4 g6 2. d4 Bg7 3. Nc3 c5 4. Nf3 cxd4 5. Nxd4 d6 6. Be3 Nf6 7. f3 Nbd7 8. Qd2 h5 9. O-O-O a6 10. Be2 b5 11. h4 Bb7 12. Nb3 Rc8 13. a3 Qc7 14. Bd4 Ba8 15. Kb1 Nb6 16. Rc1 Nc4 17. Bxc4 bxc4 18. Na1 Bh6 19. Be3 Bxe3 20. Qxe3 Rb8 21. Nd1 Nd7 22. Re1 e5 23. c3 Nc5 24. Nf2 Bc6 25. Re2 Ke7 26. Nc2 a5 27. Na1 Ne6 28. Nh3 Ba4 29. Rd2 Rb6 30. Re1 Rhb8 31. Rde2 Qb7 32. Qc1 Nc5 33. Nf2 Nd3 34. Nxd3 cxd3 35. Rf2 Bc2+ 36. Rxc2 dxc2+ 37. Kxc2 Rxb2+ 38. Kd3 Qb5+ 39. c4 Qc5 40. Nc2 R8b3+ 0-1